[Event "FSIMB October"]
[Site "Budapest HUN"]
[Date "2005.10.01"]
[Round "1"]
[White "Khadempour,F"]
[Black "Boguszlavszkij,J"]
[Result "0-1"]
[WhiteElo "2192"]
[BlackElo "2331"]

1.c4 e6 2.Nf3 d5 3.e3 Nf6 4.b3 Be7 5.d4 c6 6.Bd3 Nbd7 7.O-O O-O 8.Ba3 Bxa3
9.Nxa3 Qe7 10.Nb1 e5 11.Nxe5 Nxe5 12.dxe5 Qxe5 13.Nd2 Rd8 14.Qc2 h6 15.Rfe1 Qe7
16.h3 Be6 17.Rad1 Re8 18.Nf3 Rad8 19.Nd4 Bc8 20.Re2 Qe5 21.cxd5 Nxd5 22.a3 Qg5
23.Nf3 Qf6 24.Nd4 Kh8 25.Rde1 Qg5 26.Kh1 Qh5 27.Bf5 Bxf5 28.Nxf5 Re5 29.Ng3 Qh4
30.Rd1 Rde8 31.Rd4 Qf6 32.b4 Qe6 33.Red2 Kg8 34.e4 Nf4 35.Rd6 Qc8 36.Qd1 Nd5
37.Qe2 Qb8 38.Rd7 Nf6 39.R7d4 R5e6 40.Qd3 Qf4 41.Re2 h5 42.Qf3 Qxf3 43.gxf3 g6
44.h4 Kf8 45.Red2 Rc8 46.Ne2 Rc7 47.Nf4 Ree7 48.Rd8+ Re8 49.R8d6 Kg7 50.Kg2 Ree7
51.Nd3 b6 52.Rc2 Red7 53.e5 Ne8 54.Rxd7 Rxd7 55.Nf4 Rc7 56.Kf1 Kf8 57.e6 Ke7
58.Re2 Ng7 59.exf7+ Kxf7 60.Nd3 Nf5 61.Re4 Kf6 62.Rc4 Ke6 63.Nf4+ Kf7 64.Nd3 Kf6
65.Nf4 Ne7 66.Kg2 Kf5 67.Ne2 Kf6 68.Nf4 Rd7 69.a4 Rd6 70.Ne2 Nf5 71.Nc3 Ke7
72.Ne2 Kd7 73.Kh3 Rd2 74.Re4 Ra2 75.b5 c5 76.Nf4 Rxf2 77.Nxg6 Rxf3+ 78.Kh2 Re3
79.Rf4 Ke6 80.Rc4 Nd4 81.Nf4+ Kf5 82.Nxh5 Kg4 83.Nf6+ Kxh4 84.a5 Re2+ 85.Kg1 Kg3
86.Kf1 Rf2+ 87.Ke1 Rxf6 88.axb6 axb6  0-1

[Event "Open A"]
[Site "Hamburg GER"]
[Date "2005.10.01"]
[Round "1"]
[White "Szudra,H"]
[Black "Voigt,Ma"]
[Result "0-1"]
[WhiteElo "2012"]
[BlackElo "2319"]

1.c4 e6 2.Nf3 d5 3.cxd5 exd5 4.d4 c6 5.Nc3 Bf5 6.Qb3 Qb6 7.Qxb6 axb6 8.Bf4 b5
9.Bxb8 Rxb8 10.e3 Ra8 11.Nh4 Bg4 12.h3 Bh5 13.Bd3 Nf6 14.O-O b4 15.Ne2 Bg6
16.Nf4 Bd6 17.Nf5 Bxf5 18.Bxf5 Bxf4 19.exf4 O-O 20.Rfe1 Rfe8 21.Re5 g6 22.Bc2 Nd7
23.Rxe8+ Rxe8 24.Kf1 Ra8 25.Bb3 Nf6 26.Bc2 Ne8 27.f5 Nd6 28.fxg6 hxg6 29.a4 bxa3
30.Rxa3 Rxa3 31.bxa3 Nb5 32.a4 Nxd4 33.Bd3 c5  0-1

[Event "Open A"]
[Site "Hamburg GER"]
[Date "2005.10.01"]
[Round "1"]
[White "Wurzel,A"]
[Black "Obst,J"]
[Result "1-0"]
[WhiteElo "2197"]
[BlackElo "2048"]

1.c4 e6 2.Nf3 d5 3.g3 c6 4.Bg2 f5 5.O-O Nf6 6.d3 Be7 7.b3 O-O 8.Bb2 Bd7 9.Nc3 Na6
10.e4 Nc7 11.Qe2 Be8 12.cxd5 fxe4 13.dxe4 exd5 14.Rad1 Bb4 15.exd5 cxd5 16.Nd4 Bh5
17.f3 Qd7 18.Kh1 Rae8 19.Qd2 Bg6 20.a3 Bd6 21.Nce2 Re7 22.Nf4 Bxf4 23.Qxf4 Ne6
24.Qh4 Nxd4 25.Bxd4 Bc2 26.Rd2 Qc6 27.Rc1 Rfe8 28.Rdxc2 Qxc2 29.Rxc2 Re1+
30.Bg1 Rd1 31.Bh3 Ree1 32.Rg2 d4 33.Qf4 d3 34.Bf5 Ne4 35.Be6+  1-0

[Event "Open A"]
[Site "Hamburg GER"]
[Date "2005.10.02"]
[Round "2"]
[White "Siebrecht,S"]
[Black "Kroencke,M"]
[Result "1-0"]
[WhiteElo "2485"]
[BlackElo "2194"]

1.c4 e6 2.Nf3 d5 3.g3 Nf6 4.Bg2 Be7 5.O-O O-O 6.b3 b6 7.Bb2 Bb7 8.d3 c5 9.cxd5 Qxd5
10.Nbd2 Qd8 11.Rc1 Nbd7 12.Qc2 Rc8 13.Qb1 Qc7 14.Rfd1 Qb8 15.Qa1 Rfd8 16.Nc4 Qa8
17.e4 Ne8 18.h4 Bf6 19.Nfe5 Nxe5 20.Nxe5 Qb8 21.f4 Ba8 22.h5 h6 23.Rf1 Qb7
24.Rf3 Nc7 25.g4 Nb5 26.g5 hxg5 27.fxg5 Bxe5 28.Bxe5 Nd4 29.Bxd4 Rxd4 30.Rcf1 Rc7
31.Bh3 Re7 32.Rxf7 Rxf7 33.Bxe6 Qe7 34.Bxf7+ Kh8 35.Qc1 Rxd3 36.Qf4 Qd6 37.Qxd6 Rxd6
38.Bg6  1-0

[Event "2nd Highlands Open A"]
[Site "Havlickuv Brod CZE"]
[Date "2005.10.02"]
[Round "9"]
[White "Kanovsky,D"]
[Black "Vymazal,B"]
[Result "1-0"]
[WhiteElo "2328"]
[BlackElo "2212"]

1.c4 e6 2.Nf3 d5 3.b3 Be7 4.Bb2 Bf6 5.Qc2 Nd7 6.g3 Ne7 7.Bg2 O-O 8.O-O Bxb2
9.Qxb2 b6 10.d4 Bb7 11.Nbd2 dxc4 12.Nxc4 Nf6 13.Rac1 Bd5 14.Nce5 Qb8 15.Rc3 Qb7
16.Rfc1 Rac8 17.Bf1 Ne4 18.R3c2 c5 19.Nd3 cxd4 20.Nxd4 Nd6 21.f3 f5 22.Qa3 Rxc2
23.Rxc2 Rd8 24.Ne5 Nf7 25.Nxf7 Kxf7 26.Nb5 Nc6 27.Nd6+ Rxd6 28.Qxd6 b5 29.e4 fxe4
30.fxe4 Bxe4 31.Rf2+  1-0

[Event "Lichtenrader Autumn"]
[Site "Berlin GER"]
[Date "2005.10.07"]
[Round "5"]
[White "Kalinitschew,S"]
[Black "Geller,J"]
[Result "1/2-1/2"]
[WhiteElo "2491"]
[BlackElo "2490"]

1.c4 e6 2.Nf3 d5 3.d4 c6 4.e3 Bd6 5.Bd3 f5 6.O-O Nf6 7.b3 Qe7 8.a4 a5 9.Ba3 O-O
10.Ne5 Nfd7 11.f4 Nxe5 12.fxe5 Bxa3 13.Nxa3 Bd7 14.c5 Be8 15.Nc2 b6 16.cxb6 Nd7
17.b7 Ra7 18.Qd2 Rxb7 19.Rfb1 Qd8 20.Qc3 c5 21.Bb5 cxd4  1/2-1/2

[Event "Open A"]
[Site "Hamburg GER"]
[Date "2005.10.07"]
[Round "7"]
[White "Melde,C"]
[Black "Grosse Honebrink,B"]
[Result "0-1"]
[WhiteElo "2116"]
[BlackElo "1886"]

1.c4 e6 2.Nf3 d5 3.e3 Nf6 4.b3 Be7 5.Bb2 O-O 6.Be2 Nbd7 7.Nc3 b6 8.Qc2 Bb7
9.cxd5 exd5 10.O-O c5 11.d4 Rc8 12.Rac1 Ne4 13.dxc5 Rxc5 14.Rfd1 Ndf6 15.b4 Rc8
16.Qb3 Nxc3 17.Rxc3 Qd6 18.a3 Ne4 19.Rxc8 Rxc8 20.Be5 Qe6 21.h3 Bf6 22.Bxf6 Qxf6
23.Rd4 Qd6 24.Bf1 Rc1 25.Qd3 Qc7 26.Nd2 Nxd2 27.Qxd2 Ba6 28.Rd3 Bxd3 29.Qxd3 Qc4  0-1

[Event "Open A"]
[Site "Hamburg GER"]
[Date "2005.10.08"]
[Round "8"]
[White "Sievers,S"]
[Black "Potkin,V"]
[Result "1/2-1/2"]
[WhiteElo "2372"]
[BlackElo "2555"]

1.c4 e6 2.Nf3 d5 3.g3 Nf6 4.Bg2 dxc4 5.Qc2 b5 6.a4 c6 7.axb5 cxb5 8.Nc3 Qb6
9.b3 cxb3 10.Qxb3 Bb7 11.Qxb5+ Nbd7 12.O-O Bb4 13.Ba3 Bxa3 14.Rxa3 O-O 15.Rfa1 Bc6
16.Qa5 Rfb8 17.d3 h6 18.h3 Qb7 19.Ne1 Bxg2 20.Nxg2 Qc6 21.Qa4 Qc5 22.Ne3 Nb6
23.Qa5 Qc6 24.Qb5 Qc7 25.Qa5 Qd7 26.Kh2 Kh7 27.Kg1 Qe7 28.Qe5 Qb7 29.Kh2 Qc6
30.Kg1  1/2-1/2

[Event "2nd Bundesliga Ost 2005-6"]
[Site "Austria AUT"]
[Date "2005.10.09"]
[Round "2"]
[White "Sulyok,M"]
[Black "Chulis,A"]
[Result "1/2-1/2"]
[WhiteElo "2205"]
[BlackElo "2157"]

1.c4 e6 2.Nf3 d5 3.g3 Nf6 4.Bg2 Be7 5.O-O O-O 6.Qc2 c5 7.d4 b6 8.Rd1 Nbd7
9.cxd5 exd5 10.Nc3 Bb7 11.Bf4 Rc8 12.Rac1 Re8 13.Qf5  1/2-1/2

[Event "TCh-CZE Extraliga 2005-6"]
[Site "Czech Rep CZE"]
[Date "2005.10.15"]
[Round "1"]
[White "Vokac,M"]
[Black "Vymazal,B"]
[Result "1/2-1/2"]
[WhiteElo "2445"]
[BlackElo "2206"]

1.c4 e6 2.Nf3 d5 3.d4 Nf6 4.Nc3 Be7 5.Bg5 h6 6.Bxf6 Bxf6 7.e3 O-O 8.Rc1 c6
9.Bd3 Nd7 10.O-O dxc4 11.Bxc4 e5 12.h3 exd4 13.exd4 Nb6 14.Bb3 Bf5 15.Re1 Re8
16.Rxe8+ Qxe8 17.Qd2 Qd7 18.Re1 Re8 19.Rxe8+ Qxe8 20.Qf4 Bg6 21.g4 Qc8 22.Kg2 c5
23.dxc5 Nd7 24.Ne4 Bxe4 25.Qxe4 Nxc5 26.Qc4 Qf8 27.Qc2 Nxb3 28.Qxb3 Qc8 29.Qb5 Qc6
30.Qe2 g6 31.b3 Kg7 32.Qd3 Qc3 33.Qd5 Qb2 34.a4 b6 35.Qc4 Qc3 36.Qd5 Qc7
37.Qe4 Qc3 38.Qd5 Qc7 39.Qe4 Qc3  1/2-1/2

[Event "Chigorin Mem"]
[Site "St Petersburg RUS"]
[Date "2005.10.16"]
[Round "2"]
[White "Tarasova,V"]
[Black "Maznov,S"]
[Result "1-0"]
[WhiteElo "2255"]
[BlackElo "2108"]

1.c4 e6 2.Nf3 d5 3.b3 f5 4.Bb2 Nf6 5.g3 Bd6 6.Bg2 O-O 7.O-O c5 8.d3 d4 9.b4 Nc6
10.bxc5 Bxc5 11.Nbd2 e5 12.Nb3 Bd6 13.Qc2 Bd7 14.c5 Bc7 15.Rae1 Be6 16.a3 Nd5
17.e3 dxe3 18.fxe3 Rc8 19.e4 fxe4 20.Rxe4 Nf6 21.Ree1 Bf5 22.Nc1 Qd7 23.Kh1 Rfe8
24.Ng5 Be6 25.Nxe6 Qxe6 26.d4 e4 27.d5 Nxd5 28.Rxe4 Be5 29.Bxe5 Nxe5 30.Nd3 Qg6
31.Qb3  1-0

[Event "SCG First League m"]
[Site "Vrnjacka Banja SCG"]
[Date "2005.10.17"]
[Round "1"]
[White "Vojinovic,G"]
[Black "Kalezic,B"]
[Result "1-0"]
[WhiteElo "2463"]
[BlackElo "2445"]

1.c4 e6 2.Nf3 d5 3.b3 Nf6 4.g3 Be7 5.Bg2 O-O 6.O-O c6 7.d4 Nbd7 8.Qc2 b6
9.Rd1 Bb7 10.Nc3 Rc8 11.e4 dxe4 12.Ne5 Qc7 13.Nxd7 Qxd7 14.Nxe4 Rfd8 15.Bf4 Nxe4
16.Qxe4 Bf6 17.Be5 Bxe5 18.Qxe5 h6 19.c5 bxc5 20.Qxc5 Ba8 21.Rac1 Qc7 22.b4 Qb8
23.a3 Bb7 24.Qe5 Qa8 25.Rc5 Rd7 26.h4 Rcd8 27.Be4 Qb8 28.Qxb8 Rxb8 29.b5 cxb5
30.Rxb5 Bxe4 31.Rxb8+ Kh7 32.Rc1 Rxd4 33.Rb4 Rxb4 34.axb4 a6 35.Rc5 Kg6 36.Kf1 Bd3+
37.Ke1 f5 38.Kd2 Bb5 39.Ke3 Kf6 40.f4 g5 41.Kd4 gxf4 42.gxf4 Bf1 43.Rc1 Bb5
44.Rg1 Be2 45.Kc5 h5 46.Kd6 Bc4 47.Rg8 Kf7 48.Rh8  1-0

[Event "Chigorin Mem"]
[Site "St Petersburg RUS"]
[Date "2005.10.18"]
[Round "4"]
[White "Rumiantsev,An"]
[Black "Maznov,S"]
[Result "1-0"]
[WhiteElo "2244"]
[BlackElo "2108"]

1.Nf3 e6 2.c4 d5 3.b3 f5 4.d3 Nf6 5.Bb2 Be7 6.g3 O-O 7.Bg2 c6 8.O-O Bd7 9.Nbd2 Be8
10.Nd4 Bf7 11.e4 c5 12.Nc2 Nc6 13.cxd5 exd5 14.e5 Ng4 15.Qe2 Be6 16.d4 f4
17.h3 Nh6 18.g4 Nf7 19.Rfd1 h5 20.dxc5 Ng5 21.Nf3 Bxc5 22.Nxg5 Qxg5 23.Bxd5 Bxd5
24.Rxd5 f3 25.Qc4 Bxf2+ 26.Kxf2 Qh4+ 27.Ke3 Qxh3 28.Rf1 f2+ 29.Kd2 Kh8 30.gxh5 Rae8
31.Kc1 Ne7 32.Rd2 Rf3 33.Rdxf2 Rxf2 34.Rxf2 Rc8 35.Qe2  1-0

[Event "Chigorin Mem"]
[Site "St Petersburg RUS"]
[Date "2005.10.23"]
[Round "9"]
[White "Tihonov,J"]
[Black "Vunder,A"]
[Result "1-0"]
[WhiteElo "2474"]
[BlackElo "2252"]

1.c4 e6 2.Nf3 d5 3.g3 Nf6 4.Bg2 Be7 5.O-O O-O 6.b3 c5 7.e3 Nc6 8.Bb2 d4 9.exd4 cxd4
10.Re1 Ne8 11.Ne5 Nxe5 12.Rxe5 f6 13.Re1 e5 14.Ba3 Nc7 15.Bxe7 Qxe7 16.d3 Ne6
17.Nd2 Rb8 18.Qe2 g5 19.h4 gxh4 20.Qg4+ Kh8 21.Qxh4 Bd7 22.Rxe5 Qg7 23.Re2 Rbd8
24.Rae1 Rfe8 25.Bd5 Ng5 26.Rxe8+ Bxe8 27.f4 Nf7 28.Re7 Qg6 29.Ne4 Kg7 30.Be6 h5
31.Rxb7  1-0

[Event "TCh-HUN 2005-6"]
[Site "Hungary HUN"]
[Date "2005.10.30"]
[Round "2"]
[White "Csom,I"]
[Black "Horvath,P1"]
[Result "1/2-1/2"]
[WhiteElo "2463"]
[BlackElo "2458"]

1.c4 e6 2.Nf3 d5 3.e3 Nf6 4.b3 Be7 5.Bb2 O-O 6.Be2 b6 7.O-O Bb7 8.d3 c5 9.cxd5 Nxd5
10.a3 Nc6 11.Nbd2 Bf6 12.Qc2 Bxb2 13.Qxb2 Qf6 14.Qxf6 Nxf6 15.Rfc1 Rfd8 16.Rab1 Nd5
17.g3 Rac8 18.Kf1  1/2-1/2

[Event "TCh-BEL 2005-6"]
[Site "Belgium BEL"]
[Date "2005.11.06"]
[Round "3"]
[White "Cekro,E"]
[Black "Chuchelov,V"]
[Result "0-1"]
[WhiteElo "2410"]
[BlackElo "2534"]

1.c4 e6 2.Nf3 d5 3.e3 dxc4 4.Bxc4 c5 5.O-O Nf6 6.Nc3 a6 7.a4 Nc6 8.d4 Be7
9.dxc5 Qc7 10.Nd4 Ne5 11.Be2 Bxc5 12.a5 Bd7 13.Na4 Ba7 14.b4 O-O 15.Bb2 Rfc8
16.Rc1 Qd6 17.Qb3 Neg4 18.Nf3 Rxc1 19.Bxc1 Ne4 20.Nb6 Bxb6 21.axb6 Rc8 22.Rd1 Qxb6
23.Bb2 Be8 24.Bd4 Qc7 25.h3 Ngxf2 26.Be5 Qc2 27.Qxc2 Rxc2 28.Rd8 Kf8 29.Bf1 f6
30.Nd4 Rc1 31.Bg3 Nxg3  0-1

[Event "FSGM November"]
[Site "Budapest HUN"]
[Date "2005.11.12"]
[Round "8"]
[White "Slavina,I"]
[Black "Erdos,V"]
[Result "1/2-1/2"]
[WhiteElo "2385"]
[BlackElo "2522"]

1.c4 e6 2.Nf3 d5 3.d4 Nf6 4.cxd5 exd5 5.Bg5 c6 6.Qc2 Be7 7.e3 Ne4 8.Bxe7 Qxe7
9.Nc3 Bf5 10.Bd3 Nd7 11.O-O O-O 12.Rab1 a5 13.a3 Nb6 14.Ne5 f6 15.Bxe4 Bxe4
16.Nxe4 fxe5 17.Qc5 Qd8 18.Nd2 Nd7 19.Qc3 Qf6 20.b4 axb4 21.axb4 Ra2 22.Rb2 Rxb2
23.Qxb2 h6 24.Nb3 exd4 25.exd4 Nb6 26.Nc5 Nc4 27.Qe2 Rf7 28.Re1 Nd6 29.Nb3 Nf5
30.Qe6 Qxe6 31.Rxe6 Kf8 32.b5 Re7 33.Rxe7 Nxe7 34.bxc6 Nxc6 35.h4 Ke7 36.g4 b6
37.Kg2 Kf6  1/2-1/2

[Event "British Rapidplay"]
[Site "Halifax ENG"]
[Date "2005.11.12"]
[Round "6"]
[White "Turner,Ma"]
[Black "Akbarinia,S"]
[Result "1-0"]
[WhiteElo "2495"]
[BlackElo "2330"]

1.c4 e6 2.Nf3 d5 3.b3 Nf6 4.g3 Be7 5.Bg2 O-O 6.O-O b6 7.Bb2 Bb7 8.e3 Nbd7
9.Nc3 Rc8 10.Rc1 c5 11.Qe2 Qc7 12.Rfd1 Qb8 13.cxd5 Nxd5 14.Nxd5 Bxd5 15.d4 Qa8
16.Ne1 Bxg2 17.Nxg2 Bf6 18.Nf4 cxd4 19.Rxc8 Rxc8 20.Nh5 Ne5 21.e4 d3 22.Nxf6+ gxf6
23.Qe3 Rd8 24.Qf4 Kg7 25.g4 h6 26.h4 Rg8 27.g5 hxg5 28.hxg5 Kf8 29.Ba3+ Ke8
30.Qxf6 Rxg5+ 31.Kf1 Qd8 32.f4 Rh5 33.Kg2 Ng4 34.Rxd3  1-0

[Event "ch-ROM"]
[Site "Baile Tusnad ROM"]
[Date "2005.11.27"]
[Round "2"]
[White "Minescu,D"]
[Black "Prunescu,C"]
[Result "1-0"]
[WhiteElo "2200"]
[BlackElo "2275"]

1.c4 e6 2.Nf3 d5 3.d4 Nf6 4.Nc3 c5 5.cxd5 Nxd5 6.e4 Nxc3 7.bxc3 cxd4 8.cxd4 Bb4+
9.Bd2 Bxd2+ 10.Qxd2 O-O 11.Be2 b6 12.O-O Bb7 13.Qe3 Nd7 14.Rac1 Rc8 15.h3 Qe7
16.Bd3 Nf6 17.Nd2 Rxc1 18.Rxc1 Rc8 19.Rxc8+ Bxc8 20.e5 Nd5 21.Qe4 g6 22.Nc4 Nc3
23.Qe1 Nxa2 24.Nd6 Qc7 25.Bc4 b5 26.Bxa2 Qc6 27.d5 exd5 28.Nxc8 Qxc8 29.Bxd5 Qc5
30.e6 fxe6 31.Qxe6+ Kg7 32.Qe5+ Kf8 33.Qf6+ Ke8 34.Bc6+  1-0

[Event "TCh-HUN 2005-6"]
[Site "Hungary HUN"]
[Date "2005.11.27"]
[Round "4"]
[White "Gyorkos,L"]
[Black "Kovacs,Zs1"]
[Result "1-0"]
[WhiteElo "2424"]
[BlackElo "2320"]

1.c4 e6 2.Nf3 d5 3.d4 c5 4.cxd5 exd5 5.Nc3 Nc6 6.g3 Nf6 7.Bg2 Be7 8.O-O O-O
9.dxc5 Bxc5 10.Bg5 d4 11.Bxf6 Qxf6 12.Nd5 Qd8 13.Nd2 Re8 14.Rc1 Bf8 15.Nb3 Bg4
16.Re1 Rc8 17.h3 Be6 18.Nf4 Bb4 19.Rf1 Bxb3 20.axb3 Bd6 21.Nd3 Qb6 22.Ra1 Nb4
23.Nxb4 Bxb4 24.Qd3 a5 25.Rac1 Bc5 26.Rc4 Qc7 27.Rfc1 b6 28.Rxd4 Qe5 29.Re4 Qxb2
30.Rxe8+ Rxe8 31.Rc2 Qa1+ 32.Bf1 Qf6 33.e3 Rd8 34.Qe4 g6 35.Kg2 Kg7 36.Be2 h5
37.h4 Rd7 38.Bf3 Qe6 39.Qxe6 fxe6 40.Be2 Kf6 41.Kf3 Rd8 42.Ke4 Rd5 43.Bd3 Re5+
44.Kf3 Rd5 45.Ke2 Rd8 46.Rc1 Ra8 47.Rc4 e5 48.g4 hxg4 49.Rxg4 Rg8 50.h5 g5
51.h6 Rh8 52.h7 Bf8 53.Rg1 Bc5 54.Be4 Be7 55.Rd1 b5 56.Rd5 a4 57.Rxb5 axb3
58.Rxb3 Bf8 59.Rb6+ Ke7 60.Bd5  1-0

[Event "18th Belgrade Trophy"]
[Site "Obrenovac SCG"]
[Date "2005.11.28"]
[Round "7"]
[White "Radosavljevic,S"]
[Black "Popchev,M"]
[Result "0-1"]
[WhiteElo "2241"]
[BlackElo "2457"]

1.c4 e6 2.Nf3 d5 3.g3 Nf6 4.Bg2 Nc6 5.b3 a5 6.Nc3 d4 7.Nb5 e5 8.O-O Bc5 9.e3 O-O
10.exd4 Nxd4 11.Nbxd4 exd4 12.d3 h6 13.a3 c6 14.Rb1 Bf5 15.b4 axb4 16.axb4 Be7
17.Qb3 Qb6 18.Rd1 Rfd8 19.Qb2 Qa7 20.h3 Nh7 21.Bf4 Qa3 22.Ne1 Qxb2 23.Rxb2 Nf8
24.g4 Bd7 25.Nc2 Ne6 26.Be5 Be8 27.Re1 Bg5 28.Re4 Bh4 29.Bg3 Bxg3 30.fxg3 b6
31.Re5 Ra7 32.Kf2 Kf8 33.h4 c5 34.b5 Bd7 35.Bd5 Re8 36.Ne1 Ra3 37.Ree2 Nc7
38.Bf3 f5 39.gxf5 Bxf5 40.Rxe8+ Nxe8 41.Rd2 Nf6 42.Ke2 g5 43.hxg5 hxg5 44.Kf2 Ke7
45.Re2+ Kd6 46.Rd2 Nd7 47.Bd1 Ne5 48.Be2 g4 49.Bf1 Ke6 50.Ng2 Nf3 51.Nf4+ Kd6
52.Rd1 Ra2+ 53.Be2 Ne5 54.Ke1 Bc8 55.Rd2 Ra1+ 56.Rd1 Ra3 57.Rd2 Bb7 58.Kf2 Ra1
59.Bd1 Ba8 60.Be2 Ke7 61.Bf1 Kf6 62.Bg2 Nf3 63.Re2 Kf5 64.Re8 Ra2+ 65.Re2 Ra3
66.Re8 Ra1 67.Re2 Ne5 68.Bxa8 Rxa8 69.Rd2 Rh8 70.Kg2 Nf3 71.Re2 Rh2+ 72.Kf1 Rh1+
73.Kg2 Rd1 74.Re8 Ne5 75.Rf8+ Kg5 76.Ne6+ Kg6 77.Nf4+ Kh7 78.Rf6 Rd2+ 79.Kf1 Nxd3
80.Nxd3 Rxd3 81.Rxb6 Rc3 82.Rc6 Rxc4 83.b6 Rb4 84.Rxc5  0-1

[Event "TCh-CZE Extraliga 2005-6"]
[Site "Czech Rep CZE"]
[Date "2005.12.04"]
[Round "6"]
[White "Cvek,R"]
[Black "Petr,Ma"]
[Result "1/2-1/2"]
[WhiteElo "2483"]
[BlackElo "2387"]

1.c4 e6 2.Nf3 d5 3.g3 Nf6 4.Bg2 dxc4 5.Qa4+ Nbd7 6.Qxc4 a6 7.Qc2 c5 8.O-O b5
9.a4 Bb7 10.Nc3 Qb6 11.axb5 axb5 12.Rxa8+ Bxa8 13.b3 Be7 14.Qd3 O-O 15.Qxb5 Qxb5
16.Nxb5 Rb8 17.Na3 Rxb3 18.d3 Nb6 19.Nd2 Bxg2 20.Kxg2 Rb4 21.Nac4 Nxc4 22.Nxc4 Rb1
23.Bg5 Rxf1 24.Kxf1 Kf8 25.Bxf6 Bxf6 26.g4 Ke7 27.Kg2 Bc3 28.Kf3 f5 29.h4 g6
30.e4 Bd4 31.g5 fxe4+ 32.dxe4 Kd7 33.Ke2 Kc6 34.f4 Kb5 35.Nd6+ Kb4 36.f5 exf5
37.exf5 gxf5 38.Nxf5 Be5 39.Kd3 c4+ 40.Kc2 Kc5 41.h5 Kd5 42.g6 hxg6  1/2-1/2

[Event "ch-Marshall CC"]
[Site "New York USA"]
[Date "2005.12.11"]
[Round "4"]
[White "Naranja,R"]
[Black "Schneider,Ig"]
[Result "1/2-1/2"]
[WhiteElo "2356"]
[BlackElo "2350"]

1.c4 e6 2.Nf3 d5 3.g3 dxc4 4.Qa4+ Nd7 5.Bg2 a6 6.Qxc4 b5 7.Qc2 Bb7 8.O-O Ngf6
9.b3 c5 10.d3 Be7 11.Bb2 O-O 12.Nbd2 Nd5 13.Rac1 Rc8 14.Rfd1 Qb6 15.Qb1 Rfd8
16.Qa1 Bf8 17.a3 Rc7 18.Rc2 Nb8 19.d4 Rdc8 20.Rdc1 Nf6 21.e3 Nbd7 22.Ne1 Bxg2
23.Nxg2 Qb7 24.dxc5 Bxc5 25.Qb1 Bd6 26.Rxc7 Rxc7 27.Rxc7 Qxc7 28.Ne1 Bc5
29.Nd3  1/2-1/2

[Event "5th Amplico AIG Life Gp3"]
[Site "Warsaw POL"]
[Date "2005.12.18"]
[Round "3"]
[White "Jaracz,P"]
[Black "Rustemov,A"]
[Result "1/2-1/2"]
[WhiteElo "2492"]
[BlackElo "2564"]

1.c4 e6 2.Nf3 d5 3.d4 Nf6 4.g3 Bb4+ 5.Bd2 Be7 6.Bg2 O-O 7.Qc2 c6 8.O-O Nbd7
9.Rd1 b6 10.Bf4 Bb7 11.Nc3 Nh5 12.Bc1 Nhf6 13.Bf4 Nh5 14.Bc1  1/2-1/2

[Event "Harmonie Open A"]
[Site "Groningen NED"]
[Date "2005.12.24"]
[Round "2"]
[White "Daudzvardis,J"]
[Black "Gasthofer,A"]
[Result "1-0"]
[WhiteElo "2204"]
[BlackElo "2418"]

1.c4 e6 2.Nf3 d5 3.g3 Nf6 4.Bg2 Be7 5.O-O O-O 6.b3 c5 7.Bb2 Nc6 8.d3 d4 9.Na3 e5
10.Nc2 Bf5 11.Nd2 Qd7 12.a3 a5 13.Ne1 Ne8 14.Qc2 Bh3 15.Ndf3 Nd6 16.e4 Bg4
17.h4 h6 18.Kh2 Be6 19.Ng1 Rae8 20.Nef3 Bd8 21.Rae1 Bc7 22.Qd1 f5 23.Nd2 f4
24.Bh3 Bd8 25.Kg2 Rf7 26.Bxe6 Qxe6 27.Ngf3 Ref8 28.Nh2 a4 29.bxa4 Ba5 30.Bc1 Bxd2
31.Bxd2 f3+ 32.Kh1 Qh3 33.Rg1 g5 34.Qb3 Rg7 35.g4 Qxh4 36.Rg3 h5 37.gxh5 Qxh5
38.Reg1 Nf7 39.Qd1 Kh7 40.Qxf3 Qxf3+ 41.Nxf3 Ra8 42.a5 Nxa5 43.Bxg5 Nc6 44.Bf6 Rxg3
45.Rxg3 Rg8 46.Rxg8 Kxg8 47.Kg2 Kh7 48.Kg3 Kg6 49.Bh4 Nd6 50.Kg4 b6 51.Bg3 Kf6
52.Nd2 Ke6 53.Bh4 Nf7 54.Nb3 Nd6 55.Bg3 Nf7 56.f3 Nh6+ 57.Kh5 Nf7 58.Be1 Nd6
59.Kg4 Nb7 60.Bd2 Kf6 61.Kg3 Ke6 62.Kf2 Kf6 63.Ke2 Ke6 64.f4 exf4 65.Bxf4 Kd7
66.Kd2 Ncd8 67.Kc2 Kc6 68.a4 Kd7 69.Kd1 Nc6 70.Bd2 Kd6 71.Ke2 Ke6 72.Bf4 Kd7
73.Bg3 Nb4 74.Be1 Nc6 75.Nd2 Nbd8 76.Nb1 Ne6 77.Bg3 Nb4 78.Na3 Na2 79.Nb5 Kc6
80.Kd2 Ng5 81.Bf4 Ne6 82.Bh6 Nb4 83.Ke2 Kd7 84.Bd2 Nc6 85.Na3 Kc7 86.Nc2 Kd7
87.Ne1 Ne5 88.Ng2 Ng6 89.Bh6 Kc6 90.Bd2 Kd7 91.Ne1 Kc6 92.Kf3 Ne5+ 93.Kg3 Kd7
94.a5 bxa5 95.Bxa5 Kc6 96.Bd2 Kd7 97.Bf4 Nc6 98.Kg4 Ng7 99.Bh6 Ne8 100.Bf8 Nd6
101.Nf3 Nb7 102.Kf4 Ke6 103.Ng5+ Kf6 104.e5+ Nxe5 105.Bg7+ Kxg7 106.Kxe5 Kg6
107.Ne4 Na5 108.Nxc5 Nc6+ 109.Kd5 Nb4+ 110.Kxd4 Kf5 111.Kc3 Na2+ 112.Kd2 Ke5
113.Ke3 Nb4 114.d4+ Kf5 115.Kd2 Kf4 116.Kc3 Nc6 117.d5 Ne7 118.d6 Nc6 119.Nb7 Nb8
120.Kd4 Kf5 121.Kd5 Nd7 122.c5 Nf6+ 123.Kc6 Ke6 124.Nd8+ Ke5 125.d7  1-0

[Event "Master Open"]
[Site "Zurich SUI"]
[Date "2005.12.29"]
[Round "5"]
[White "Mola,P"]
[Black "Muheim,L"]
[Result "0-1"]
[WhiteElo "2297"]
[BlackElo "2124"]

1.c4 e6 2.Nf3 d5 3.g3 Nf6 4.Bg2 Be7 5.O-O O-O 6.b3 c5 7.Bb2 Nc6 8.e3 b6 9.Nc3 Ba6
10.d3 Rc8 11.Qe2 Qc7 12.Rac1 Qb8 13.Rfd1 Rfd8 14.Nb5 Bb7 15.Bh3 dxc4 16.bxc4 Nb4
17.e4 Nc6 18.e5 Ne8 19.Bc3 a6 20.Na3 Nd4 21.Nxd4 cxd4 22.Bb2 Rc5 23.f4 Ra5
24.Nb1 Rxa2 25.Qc2 Ba8 26.Nd2 Qb7 27.Ne4 Qd7 28.Bg2 b5 29.Qb3 Ra4 30.c5 Bd5
31.Qc2 Ra2 32.Ra1 Rxa1 33.Rxa1 Qc6 34.Bxd4 Nc7 35.Bf2 b4 36.g4 Nb5 37.f5 b3
38.Qc1 Qc7 39.f6 Bf8 40.fxg7 Be7 41.Qf4 Bxe4 42.Bxe4 Nc3 43.Bxh7+ Kxg7 44.Qd2 Bxc5
45.Bf5 Bxf2+ 46.Kxf2 exf5 47.Qg5+ Kf8 48.Re1 Qb6+  0-1

[Event "8th Hilton Schachfestival"]
[Site "Basel SUI"]
[Date "2006.01.04"]
[Round "4"]
[White "Rukavina,J"]
[Black "De Andres Gonalons,F"]
[Result "1-0"]
[WhiteElo "2378"]
[BlackElo "2088"]

1.c4 e6 2.Nf3 d5 3.g3 Nf6 4.Bg2 dxc4 5.Qa4+ Nbd7 6.Qxc4 c5 7.Qb3 Rb8 8.d3 Bd6
9.a4 b6 10.Na3 a6 11.Ng5 h6 12.Ne4 Nxe4 13.Bxe4 Nf6 14.Bc6+ Bd7 15.Bf3 b5
16.axb5 axb5 17.O-O O-O 18.Be3 e5 19.Nb1 Be6 20.Qc2 Qe7 21.Nc3 b4 22.Na4 Rfc8
23.b3 Nd5 24.Bd2 Nc7 25.Nb2 Nb5 26.Be3 Na3 27.Qd1 e4 28.Bxe4 Be5 29.Ra2 Nb5
30.Bd2 f5 31.Bg2 Bxb2 32.Rxb2 Qf7 33.Bf4 Rb6 34.Be5 Nd4 35.Qa1 Nc6 36.Rbb1 Nxe5
37.Qxe5 Bxb3 38.Rxb3  1-0

[Event "10th Open"]
[Site "Bad Zwesten GER"]
[Date "2006.01.07"]
[Round "8"]
[White "Kern,G"]
[Black "Luther,T"]
[Result "0-1"]
[WhiteElo "2340"]
[BlackElo "2569"]

1.c4 e6 2.Nf3 d5 3.d4 Nf6 4.g3 Bb4+ 5.Bd2 a5 6.Qc2 c5 7.Bg2 cxd4 8.cxd5 O-O
9.Nxd4 e5 10.Nb5 Nxd5 11.O-O Nc6 12.N1c3 Nxc3 13.Bxc3 Qb6 14.a4 Be6 15.Bxb4 axb4
16.Bxc6 Rfc8 17.Rfc1 Rxc6 18.Qe4 Rac8 19.Rxc6 Qxc6 20.Qxe5 Bh3 21.f3 Re8
22.Qd6 Qxd6 23.Nxd6 Rxe2 24.Rd1 Rxb2 25.Nxb7 g6 26.Nc5 Rg2+ 27.Kh1 Rc2 28.Nd3 b3
29.Rb1 Rc3 30.Nf4 b2 31.Rg1 Rc1  0-1

[Event "TCh-AUT 2005-6"]
[Site "Austria AUT"]
[Date "2006.01.14"]
[Round "6"]
[White "Kaspret,G"]
[Black "Kreindl,H"]
[Result "1-0"]
[WhiteElo "2295"]
[BlackElo "2229"]

1.c4 e6 2.Nf3 d5 3.g3 Nf6 4.Bg2 Be7 5.O-O O-O 6.d4 c6 7.Nbd2 b6 8.Qc2 Bb7
9.e4 dxc4 10.e5 Nd5 11.Nxc4 Nd7 12.h4 h6 13.Qe4 Kh8 14.Qg4 Rg8 15.Qh5 Qf8
16.Ng5 Bxg5 17.hxg5 Ba6 18.b3 Rc8 19.gxh6 g6 20.Qf3 Bxc4 21.bxc4 Ne7 22.Ba3 c5
23.dxc5 Nxc5 24.Qf6+ Kh7 25.Rfd1 Nf5 26.g4 Nxh6 27.g5 Nf5 28.Bxc5 Rxc5 29.Rd3 Rg7
30.Rd8 Qe7 31.Rad1 Qxf6 32.exf6 Rg8 33.R8d7 Rf8 34.Bf1 Nh4 35.f4 Ra5 36.R7d3 Rf5
37.Rh3 Rxf4 38.Kh2 Rg4 39.Be2 Rg2+ 40.Kh1 Rxe2 41.Rxh4+ Kg8 42.Rd3 Re1+ 43.Kh2 Re2+
44.Kh1 Re1+ 45.Kh2 Re2+ 46.Kh3 Rc8 47.Rhd4 Rxa2 48.Rd8+ Rxd8 49.Rxd8+ Kh7
50.Rf8 Ra5 51.Rxf7+ Kh8 52.Kg4 Ra4 53.Rg7 Rxc4+ 54.Kf3 Rc5 55.Rxg6 a5 56.Kg4 a4
57.Kh5 a3 58.f7 Rc8 59.Kh6  1-0

[Event "Open A"]
[Site "Prague CZE"]
[Date "2006.01.14"]
[Round "2"]
[White "Gschwendtner,S"]
[Black "Trichkov,V"]
[Result "1/2-1/2"]
[WhiteElo "2132"]
[BlackElo "2333"]

1.c4 e6 2.Nf3 d5 3.g3 c6 4.Bg2 dxc4 5.a4 Qa5 6.Na3 Bxa3 7.Rxa3 Nd7 8.b3 cxb3
9.Qxb3 Ngf6 10.Bb2 O-O 11.O-O e5 12.d4 e4 13.Ne5 Nb6 14.f3 exf3 15.Qxf3 Be6
16.e4 Rad8 17.Qe2 Qb4 18.d5 cxd5 19.Nd3 Qe7  1/2-1/2

[Event "Open A"]
[Site "Prague CZE"]
[Date "2006.01.19"]
[Round "8"]
[White "Stubberud,O"]
[Black "Netusil,M"]
[Result "1-0"]
[WhiteElo "2095"]
[BlackElo "2333"]

1.c4 e6 2.Nf3 d5 3.b3 Nf6 4.Bb2 c5 5.e3 Nc6 6.cxd5 exd5 7.Bb5 a6 8.Bxc6+ bxc6
9.O-O Bg4 10.d4 Ne4 11.dxc5 Bxc5 12.Qc2 O-O 13.Nc3 Nf6 14.Ne5 Qc7 15.Na4 Bd6
16.Nxg4 Nxg4 17.h3 Ne5 18.Rac1 Qe7 19.Qe2 f5 20.Bd4 a5 21.f4 Ng6 22.Rxc6 Nxf4
23.Qf3 Ne6 24.Qxd5 Rac8 25.Kh1 Kh8 26.Bb6 Nc7 27.Qxa5 Ra8 28.Qd2 Rf6 29.Rd1 Ne8
30.Qd5 Rb8 31.Bd4 Rg6 32.Qxf5 Qh4 33.Rf1 Nf6 34.Qf2 Bg3 35.Qf3 Rd8 36.Nc3 Bb8
37.Nd5 Rg3 38.Qf2 Rxd5 39.Rc8+ Ng8 40.Rxg8+  1-0